[Event "LK Elsaß-Baden"]
[Site "Haguenau"]
[Date "2002.09.15"]
[Round "5.18"]
[White "Brunstein, Sandrine"]
[Black "Gasthofer, Alexander"]
[Result "0-1"]
[WhiteElo "2111"]
[BlackElo "2253"]
[Annotator "Herbrechtsmeier"]
[PlyCount "68"]
[EventDate "2002.09.15"]
[WhiteTeam "ELSASS"]
[BlackTeam "BADEN"]
[WhiteTeamCountry "FRA"]
[BlackTeamCountry "GER"]

{Brunstein = F, Gasthofer = J} 1. e4 e6 2. d4 d5 3. e5 c5 4. c3 Qb6 5. Nf3 Nc6
6. Be2 cxd4 7. cxd4 Nh6 8. Nc3 Nf5 9. Na4 Qa5+ 10. Bd2 Bb4 11. Bc3 b5 12. a3
Bxc3+ 13. Nxc3 b4 14. Bb5 Bd7 15. axb4 Qxb4 16. Bxc6 Bxc6 17. Qd2 a5 18. O-O
O-O 19. Ra2 Rfb8 20. Rfa1 h6 21. g4 Ne7 22. Kg2 Bb5 23. Qd1 Bc4 24. Ra3 Qxb2
25. Qe1 Nc6 26. Qe3 Qc2 27. Rc1 Qg6 28. h3 Rb2 29. Nd2 Nb4 30. Nxc4 dxc4 31.
Qf3 Rb8 32. Nd1 Rc2 33. Rc3 Rxc1 34. Rxc1 Nd3 0-1

[Event "LK Elsaß-Baden"]
[Site "Haguenau"]
[Date "2002.09.15"]
[Round "21.19"]
[White "Schneider, Bernd2"]
[Black "Duchateau, Thomas"]
[Result "1-0"]
[WhiteElo "2215"]
[BlackElo "2086"]
[Annotator "Herbrechtsmeier"]
[PlyCount "105"]
[EventDate "2002.09.15"]
[WhiteTeam "BADEN"]
[BlackTeam "ELSASS"]
[WhiteTeamCountry "GER"]
[BlackTeamCountry "FRA"]

1. e4 c5 2. Nf3 d6 3. c4 Nc6 4. d4 cxd4 5. Nxd4 Nf6 6. Nc3 g6 7. Nc2 Bg7 8. Be2
O-O 9. O-O b6 10. Bg5 h6 11. Bh4 Bb7 12. Ne3 Ne8 13. Qd2 Nc7 14. Rac1 Ne6 15.
f4 Ned4 16. Bd3 Qd7 17. Ncd5 f5 18. exf5 gxf5 19. b4 Rf7 20. Rb1 Raf8 21. Nc3
e6 22. b5 Na5 23. Ne2 Rc8 24. Kh1 Nxe2 25. Bxe2 d5 26. Bh5 $6 Nxc4 $1 27. Nxc4
dxc4 28. Bxf7+ Qxf7 29. Qe3 c3 $44 30. Be1 $2 Qd7 (30... c2 31. Rc1 Bb2) 31.
Rb3 Qd5 (31... c2) 32. Qg3 c2 33. Bc3 Rxc3 $2 (33... Qxg2+ 34. Qxg2 Bxg2+ 35.
Kxg2 Bxc3 $19) 34. Rxc3 Qxg2+ 35. Qxg2 Bxg2+ 36. Kxg2 Bxc3 37. Rc1 Bd2 38. Rxc2
Bxf4 39. Kf3 Be5 40. Re2 Bc7 41. Rxe6 Bxh2 42. Rxh6 Be5 43. Rh5 Kf7 44. Rxf5+
Ke6 45. Ke4 Bd6 46. Rh5 Bc5 47. Rh7 Kd6 48. Rxa7 Bf2 49. Rf7 Bg1 50. Rf5 Bc5
51. Rd5+ Kc7 52. Rd3 Bd6 53. Kd5 1-0

[Event "LK Elsaß-Baden"]
[Site "Haguenau"]
[Date "2002.09.15"]
[Round "19.20"]
[White "Joguet, Boris"]
[Black "Tvauri-Tammert, Iamze"]
[Result "0-1"]
[WhiteElo "2081"]
[BlackElo "2228"]
[Annotator "Herbrechtsmeier"]
[PlyCount "90"]
[EventDate "2002.09.15"]
[WhiteTeam "ELSASS"]
[BlackTeam "BADEN"]
[WhiteTeamCountry "FRA"]
[BlackTeamCountry "GER"]

{Tammert = F} 1. e4 g6 2. d4 Bg7 3. c4 d6 4. Nc3 c6 5. Be2 Nd7 6. Nf3 Ngf6 7.
O-O e5 8. d5 c5 9. Qc2 O-O 10. Bd2 h6 11. Rfb1 Nh5 12. Ne1 Nf4 13. Bf1 Nb8 14.
a3 f5 15. f3 g5 16. g3 Nh5 17. exf5 Bxf5 18. Bd3 Bxd3 19. Qxd3 Nf6 20. h3 Nbd7
21. Ng2 e4 $1 22. fxe4 Ne5 23. Qe2 Qd7 24. g4 Nfxg4 25. Rf1 Nf6 26. Kh2 g4 27.
Nf4 Qf7 28. Nb5 Nf3+ 29. Rxf3 gxf3 30. Qxf3 Nh7 (30... Nh5 $2 31. Qxh5 Qxh5 32.
Nxh5 Rf2+ 33. Kh1 Rxd2 34. Rg1) 31. Nxd6 Ng5 32. Qg2 Qe7 33. Nf5 Qxe4 34. Qxe4
Nxe4 35. Nxg7 Nxd2 36. Nge6 Rf7 37. Rg1+ Kh7 38. Rc1 Rg8 39. b4 b6 40. bxc5
bxc5 41. Nd3 Nf1+ 42. Kh1 Rf3 43. Ndf4 $4 (43. Nef4 Rg7 $17) 43... Rf2 44. Rxf1
Rxf1+ 45. Kh2 Rf2+ (45... Rf2+ 46. Kh1 Rb8) 0-1

[Event "LK Elsaß-Baden"]
[Site "Haguenau"]
[Date "2002.09.15"]
[Round "4.21"]
[White "Eisenbeiser, Amadeus"]
[Black "Ancel, Patrick"]
[Result "1/2-1/2"]
[WhiteElo "2097"]
[BlackElo "2082"]
[Annotator "Herbrechtsmeier"]
[PlyCount "78"]
[EventDate "2002.09.15"]
[WhiteTeam "BADEN"]
[BlackTeam "ELSASS"]
[WhiteTeamCountry "GER"]
[BlackTeamCountry "FRA"]

{Eisenbeiser = J} 1. e4 c5 2. Nf3 e6 3. d4 cxd4 4. Nxd4 Nf6 5. Nc3 Nc6 6. Bc4
Bb4 7. O-O Bxc3 8. bxc3 Nxe4 9. Qg4 d5 10. Bd3 O-O 11. Bxe4 f5 12. Bxf5 exf5
13. Qf4 Nxd4 14. Qxd4 Be6 15. Bb2 Qb6 16. Rab1 Qxd4 17. cxd4 Rfc8 18. c3 Rc4
19. Rfe1 Kf7 20. Re5 Re8 21. f3 Kf6 22. Rbe1 Rcc8 23. Kf2 Bf7 24. f4 Rxe5 25.
Rxe5 Re8 26. Ke3 Rxe5+ 27. dxe5+ Ke6 28. Kd4 Bh5 29. c4 dxc4 30. Kxc4 Be2+ 31.
Kc5 b5 32. Bc3 h5 33. Kc6 b4 34. Bxb4 Bc4 35. g3 Bxa2 36. Kb7 Bd5+ 37. Kxa7 Bc6
38. Kb6 Bg2 39. Kc7 Bf3 1/2-1/2

[Event "LK Elsaß-Baden"]
[Site "Haguenau"]
[Date "2002.09.15"]
[Round "24.22"]
[White "Heinz, Timothee"]
[Black "Osthof, Alfred"]
[Result "1/2-1/2"]
[WhiteElo "2084"]
[BlackElo "2148"]
[Annotator "Herbrechtsmeier"]
[PlyCount "110"]
[EventDate "2002.09.15"]
[WhiteTeam "ELSASS"]
[BlackTeam "BADEN"]
[WhiteTeamCountry "FRA"]
[BlackTeamCountry "GER"]

{Heinz = J, Osthof = S} 1. e4 c5 2. Nf3 e6 3. c3 d5 4. exd5 exd5 5. d4 Nc6 6.
Bb5 Bd6 7. O-O Nge7 8. Nbd2 O-O 9. dxc5 Bxc5 10. Nb3 Bb6 11. h3 a6 12. Bd3 Bf5
13. Bg5 Qd7 14. Re1 Rfe8 15. Qc2 Bxd3 16. Qxd3 Qf5 17. Rad1 Qxd3 18. Rxd3 Rad8
19. Kf1 Kf8 20. Be3 Bxe3 21. Rexe3 b6 22. Ne5 Nxe5 23. Rxe5 Rd7 24. Nd4 Rc8 25.
Nc2 a5 26. Nd4 Ng6 27. Ree3 Re8 28. Rxe8+ Kxe8 29. Nf5 f6 30. Ne3 Ne7 31. h4
Kf7 32. g3 Ke6 33. f4 h5 34. Kf2 b5 35. Nc2 Nc6 36. Nd4+ Nxd4 37. Rxd4 Kd6 38.
Ke2 Kc5 39. Rd3 b4 40. Kd2 Re7 41. Rf3 Re4 42. Rd3 Kc4 43. cxb4 axb4 44. a3
bxa3 45. Rxa3 Re7 46. Rc3+ Kd4 47. Rd3+ Kc5 48. Rc3+ Kd6 49. Kd3 Re1 50. Kd4
Rd1+ 51. Rd3 Rg1 52. Re3 Rb1 53. b3 Rd1+ 54. Rd3 Rb1 55. Re3 Rd1+ 1/2-1/2

[Event "LK Elsaß-Baden"]
[Site "Haguenau"]
[Date "2002.09.15"]
[Round "26.23"]
[White "Villing, Dieter"]
[Black "Lutz, Thierry"]
[Result "1/2-1/2"]
[WhiteElo "2074"]
[BlackElo "2070"]
[Annotator "Herbrechtsmeier"]
[PlyCount "92"]
[EventDate "2002.09.15"]
[WhiteTeam "BADEN"]
[BlackTeam "ELSASS"]
[WhiteTeamCountry "GER"]
[BlackTeamCountry "FRA"]

1. e4 e6 2. d4 d5 3. e5 c5 4. c3 Nc6 5. Nf3 Qb6 6. Be2 cxd4 7. cxd4 Bb4+ 8. Nc3
Nge7 9. O-O Ng6 10. Na4 Qd8 11. a3 Be7 12. Be3 O-O 13. b4 a6 14. Bd3 f6 15.
Bxg6 hxg6 16. Qd3 f5 17. Qd2 Bd7 18. Nc5 b6 19. Nxd7 Qxd7 20. Bg5 Rfc8 21. Rfc1
b5 22. Bxe7 Nxe7 23. Rc5 Rxc5 24. bxc5 Kf8 25. Qg5 Rb8 26. h4 Qe8 27. Qd2 Nc6
28. g3 Ke7 29. Kg2 Kd7 30. Ng5 Qd8 31. Nh3 Qe7 32. Nf4 Qf7 33. Rh1 Rh8 34. Qd1
Rh6 35. a4 Qe8 36. axb5 axb5 37. Qd3 Qb8 38. Rb1 b4 39. Qa6 (39. Ra1 $1 $18 b3
$2 40. Rb1) 39... Nxd4 40. Qa4+ (40. Rd1 $1 Qxe5 (40... Nc6 41. Nxe6 Qxe5 42.
Ng5 d4 43. Nf3 Qxc5 44. Qb7+) 41. Rxd4 $1 Qxd4 42. Qxe6+ Kd8 43. Qg8+ Ke7 44.
Nxd5+ Kd7 45. Nxb4) 40... Nc6 41. Nxe6 Qxe5 42. Rxb4 (42. Nf8+ Kc7) (42. Ng5 $5
) 42... Qxe6 43. Rb7+ Ke8 44. Qa8+ Nd8 45. Rb8 Qe4+ 46. Kg1 Qe1+ 1/2-1/2

[Event "LK Elsaß-Baden"]
[Site "Haguenau"]
[Date "2002.09.15"]
[Round "30.24"]
[White "Schall, Denis"]
[Black "Eisenbeiser, Karlheinz"]
[Result "1/2-1/2"]
[WhiteElo "2070"]
[BlackElo "2097"]
[Annotator "Herbrechtsmeier"]
[PlyCount "101"]
[EventDate "2002.09.15"]
[WhiteTeam "ELSASS"]
[BlackTeam "BADEN"]
[WhiteTeamCountry "FRA"]
[BlackTeamCountry "GER"]

1. e4 d6 2. d4 Nf6 3. Nc3 g6 4. f4 Bg7 5. Nf3 c5 6. Bc4 cxd4 7. Nxd4 O-O 8. Nf3
Qa5 9. Bd2 Qc5 10. Qe2 Bg4 11. O-O-O Nc6 12. Na4 Bxf3 13. gxf3 Nd4 14. Nxc5
Nxe2+ 15. Bxe2 dxc5 16. Be3 Bh6 17. Bxc5 Bxf4+ 18. Kb1 Bd6 19. Bxd6 exd6 20.
Rxd6 Kg7 21. Rhd1 (21. e5 Nh5 22. Rd7 Rae8 23. Rxb7 Rxe5) 21... Rae8 22. a3 Re5
23. R1d2 g5 24. Bd3 Rfe8 25. Rg2 Nh5 26. h4 h6 27. hxg5 hxg5 28. Rd7 Nf4 29.
Rg3 b5 30. Rxa7 Rd8 31. Ra5 Nxd3 32. cxd3 Rxd3 33. Kc2 (33. a4 Kf6 34. Ra6+ Ke7
35. a5 b4) 33... Re3 34. b4 f6 35. a4 bxa4 {(R)} 36. Rxe5 fxe5 37. Rxg5+ Kf6
38. Rf5+ Ke6 39. Rf8 Rb3 40. Rb8 Rxf3 41. Rb6+ Kd7 42. Rb5 Ke6 43. Rb6+ Ke7 44.
Ra6 {(R)} 44... Re3 45. Rxa4 Rxe4 46. Ra5 Kd6 47. b5 Kc5 48. Kd3 Rd4+ 49. Ke3
Kb6 50. Ra6+ Kxb5 51. Re6 1/2-1/2

[Event "LK Elsaß-Baden"]
[Site "Haguenau"]
[Date "2002.09.15"]
[Round "31.25"]
[White "Barnstedt, Dietrich"]
[Black "Grandidier, Raphael"]
[Result "1-0"]
[WhiteElo "2046"]
[BlackElo "2084"]
[Annotator "Herbrechtsmeier"]
[PlyCount "105"]
[EventDate "2002.09.15"]
[WhiteTeam "BADEN"]
[BlackTeam "ELSASS"]
[WhiteTeamCountry "GER"]
[BlackTeamCountry "FRA"]

{Barnstedt = S} 1. d4 Nf6 2. Nf3 g6 3. e3 Bg7 4. Nbd2 O-O 5. b3 b6 6. Bb2 Bb7
7. Bd3 d5 8. Ne5 Nbd7 9. O-O Ne4 10. f3 Nxd2 11. Qxd2 f6 12. Nxd7 Qxd7 13. c4
Rad8 14. Rad1 dxc4 15. Bxc4+ Kh8 16. Qe2 Qc8 17. e4 e5 18. dxe5 fxe5 19. Rxd8
Qxd8 20. Rd1 Qe7 21. Qd3 Bc6 22. b4 $1 {Verhindert ...Dc5} 22... Ba4 23. Rd2
Bh6 24. Qc3 $1 Bg7 (24... Re8 25. Rd5 Bg7 26. Qd2 Bc6 27. Rd3 $16) 25. Rd5 Rd8
26. Qxe5 $1 Bxe5 27. Bxe5+ Qxe5 28. Rxe5 Rd1+ 29. Kf2 Rc1 30. Bb3 Bxb3 31. axb3
Rc3 32. Re7 a6 33. e5 Rxb3 34. Rxc7 Kg8 35. Rc4 Kf7 36. f4 a5 37. bxa5 bxa5 38.
Ra4 Rb5 39. Kf3 Ke6 40. Ke4 h5 41. g3 Rc5 42. h3 Rb5 43. g4 h4 44. f5+ gxf5+
45. gxf5+ Ke7 46. Rc4 Rb3 47. Rc7+ Kd8 48. Ra7 Rxh3 49. f6 Rh1 50. Kd5 (50. f7
Rf1 51. e6) 50... h3 51. Ke6 h2 52. Ra8+ Kc7 53. Rh8 1-0

[Event "LK Elsaß-Baden"]
[Site "Haguenau"]
[Date "2002.09.15"]
[Round "8.26"]
[White "Zouhair, Issam"]
[Black "Postojev, Alexander"]
[Result "0-1"]
[WhiteElo "2064"]
[BlackElo "2008"]
[Annotator "Herbrechtsmeier"]
[PlyCount "64"]
[EventDate "2002.09.15"]
[WhiteTeam "ELSASS"]
[BlackTeam "BADEN"]
[WhiteTeamCountry "FRA"]
[BlackTeamCountry "GER"]

{Postojev = J} 1. Nf3 Nf6 2. d4 e6 3. Bg5 c5 4. Nc3 cxd4 5. Qxd4 Nc6 6. Qd2 Bb4
7. a3 Qa5 8. Bxf6 gxf6 9. g3 d5 10. Bg2 Bd7 11. O-O Bxc3 12. bxc3 Qc5 13. Rab1
Na5 14. Nd4 Rc8 15. Nb3 Nxb3 16. Rxb3 b6 17. Qf4 Ke7 18. Rd1 Qc7 19. Qh4 Qe5
20. e4 dxe4 21. Rd4 $2 e3 22. Re4 exf2+ 23. Kxf2 Qf5+ 24. Kg1 Bc6 25. Re2 Bxg2
26. Rxg2 Qg5 27. Qe4 Qc1+ 28. Kf2 Rhd8 29. Kf3 Rc5 30. Rf2 Rf5+ 31. Kg2 Rxf2+
32. Kxf2 Rd2+ 0-1

[Event "LK Elsaß-Baden"]
[Site "Haguenau"]
[Date "2002.09.15"]
[Round "27.27"]
[White "Scheynin, Julia"]
[Black "Hartweg, Nicolas"]
[Result "1/2-1/2"]
[WhiteElo "2033"]
[BlackElo "2059"]
[Annotator "Herbrechtsmeier"]
[PlyCount "111"]
[EventDate "2002.09.15"]
[WhiteTeam "BADEN"]
[BlackTeam "ELSASS"]
[WhiteTeamCountry "GER"]
[BlackTeamCountry "FRA"]

{Scheynin = F, Hartweg = J} 1. Nf3 d5 2. g3 Nf6 3. Bg2 e6 4. d3 Be7 5. Nbd2 Nc6
6. O-O O-O 7. e4 dxe4 8. dxe4 e5 9. h3 Bd6 10. c3 b6 11. Qe2 a5 12. Nc4 h6 13.
Re1 Re8 14. Qc2 Nd7 15. Be3 b5 16. Nxd6 cxd6 17. Rad1 Qc7 18. Qd3 Re6 19. Qxb5
Rb8 20. Qe2 Nb6 21. Bxb6 Qxb6 22. b3 Ba6 23. Qe3 Qc7 24. Bf1 Bxf1 25. Kxf1 a4
26. b4 Na7 27. Rc1 Ree8 28. Red1 Rec8 29. Qd3 f6 30. a3 Qc4 31. Qxc4+ Rxc4 32.
Rxd6 Nb5 33. Ra6 Nxa3 34. Rxa4 (34. Nd2 $18) 34... Nb5 35. Nd2 Rxc3 36. Rxc3
Nxc3 37. Ra3 Nb5 38. Rb3 Kf7 (38... Nd4 39. Rb2 Rb5 $11) 39. Rb2 Nd4 40. Nc4
Ke7 41. Ne3 Kd6 42. Kg2 Kc6 43. Nd5 Kb5 44. Ra2 Nc6 45. Rc2 Nd8 46. Rc5+ Ka6
47. b5+ (47. Ra5+ Kb7 48. Rb5+ $18) 47... Ka7 48. b6+ Ka6 49. f4 exf4 50. gxf4
Ne6 51. Rc6 Nd4 52. Rc4 (52. Rc7 $18) 52... Ne6 53. Nc7+ (53. f5 Nd8 54. Kg3
$18) 53... Nxc7 54. Rxc7 (54. bxc7 Rc8 55. f5 Kb7 56. Kg3 Rxc7 57. Rxc7+ Kxc7
58. Kh4 Kd7 59. Kh5 Ke7 60. Kg6 Kf8 $11) 54... g5 (54... Rb7 $2 55. Rxb7 Kxb7
56. Kg3 Kxb6 57. Kg4 g6 58. f5 $18) 55. fxg5 $2 (55. Rh7 $1 Rxb6 56. Rxh6 gxf4
57. Kf3 $18) 55... hxg5 56. Ra7+ (56. Ra7+ Kxb6 57. Rf7 Kc5 58. Rxf6 Kd4 $11)
1/2-1/2

[Event "LK Elsaß-Baden"]
[Site "Haguenau"]
[Date "2002.09.15"]
[Round "29.28"]
[White "Genzling, Alain"]
[Black "Dobschat, Benjamin"]
[Result "1-0"]
[WhiteElo "1990"]
[BlackElo "1986"]
[Annotator "Herbrechtsmeier"]
[PlyCount "130"]
[EventDate "2002.09.15"]
[WhiteTeam "ELSASS"]
[BlackTeam "BADEN"]
[WhiteTeamCountry "FRA"]
[BlackTeamCountry "GER"]

{Genzling = J, Dobschat = J} 1. e4 c5 2. Nf3 d6 3. d4 cxd4 4. Nxd4 Nf6 5. Nc3
g6 6. Be3 Bg7 7. f3 Nc6 8. Qd2 Bd7 9. Bc4 Rc8 10. Bb3 Na5 11. g4 Nxb3 12. axb3
a6 13. h4 Bc6 14. h5 Nd7 15. hxg6 hxg6 16. Rxh8+ Bxh8 17. O-O-O Qa5 18. Rh1 Bf6
19. Rh7 Nc5 20. Kb1 Qb4 21. Nd5 Qxd2 22. Nxf6+ exf6 23. Bxd2 Ke7 24. Rh1 b5 25.
Bf4 Ne6 26. Nxe6 Kxe6 27. Bd2 d5 28. exd5+ Bxd5 29. Re1+ Kd7 30. f4 Be6 31. Rg1
f5 32. g5 Bd5 33. Bc3 Be4 34. Rd1+ Ke6 35. Rd2 Rc5 36. Rd8 Rd5 37. Re8+ Kd7 38.
Rf8 Rd1+ 39. Ka2 Bd5 40. Rb8 Rc1 41. Rb6 Rxc2 42. Rxa6 Kc7 43. Ka3 Re2 44. Kb4
Re4+ 45. Kxb5 Bxb3 46. Be5+ Kc8 47. Kc6 Rc4+ 48. Kd6 Kb7 49. Ra3 Rc6+ 50. Ke7
Bd5 51. Rd3 Be6 52. Rd8 Bc4 $138 53. b3 Be6 {(R)} 54. Rf8 Rc8 55. Rxf7 Bxb3 56.
Rg7 Kc6 57. Rxg6+ Kd5 58. Rf6 Ke4 59. g6 Rg8 60. Rb6 Bd5 61. g7 Kf3 62. Rb8 Kg4
63. Rxg8 Bxg8 64. Kf8 Be6 65. g8=Q+ Bxg8 1-0

[Event "LK Elsaß-Baden"]
[Site "Haguenau"]
[Date "2002.09.15"]
[Round "1.29"]
[White "Germer, Philipp"]
[Black "Didier, Quentin"]
[Result "1-0"]
[WhiteElo "1977"]
[BlackElo "1980"]
[Annotator "Herbrechtsmeier"]
[PlyCount "31"]
[EventDate "2002.09.15"]
[WhiteTeam "BADEN"]
[BlackTeam "ELSASS"]
[WhiteTeamCountry "GER"]
[BlackTeamCountry "FRA"]

{Germer = J, Didier = J} 1. e4 c5 2. Nf3 d6 3. d4 cxd4 4. Nxd4 Nf6 5. Nc3 e6 6.
g4 h6 7. g5 hxg5 8. Bxg5 a6 9. Qd2 Nc6 10. O-O-O Be7 (10... Bd7) 11. f4 Bd7 12.
Nf3 Qc7 13. e5 dxe5 14. fxe5 Ng4 (14... Nd5 15. Nxd5 exd5 16. Bxe7 Nxe7 17. Qg5
Nf5 18. Bd3 {1-0 Hazai,L-Polajzer,D/Hamburg 1984/MCD (32)}) 15. Bxe7 Kxe7 $4 (
15... Nxe7 16. Ne4 Nf5 17. Rg1 Nge3 18. Nd6+ Nxd6 19. exd6 Qc5 20. Re1 Nf5 21.
Bd3 Nxd6 22. Rxg7 O-O-O 23. Re5 Qb6 {
1/2-1/2 Wood,D-McEwan,K/Hastings 1995/CBM 48 ext (28)}) 16. Qg5+ 1-0

[Event "LK Elsaß-Baden"]
[Site "Haguenau"]
[Date "2002.09.15"]
[Round "17.30"]
[White "Chatte, Anne Sophie"]
[Black "Oehler, Markus"]
[Result "0-1"]
[WhiteElo "1960"]
[BlackElo "1928"]
[Annotator "Herbrechtsmeier"]
[PlyCount "86"]
[EventDate "2002.09.15"]
[WhiteTeam "ELSASS"]
[BlackTeam "BADEN"]
[WhiteTeamCountry "FRA"]
[BlackTeamCountry "GER"]

{Chatte = F, Oehler = J} 1. e4 Nf6 2. e5 Nd5 3. d4 d6 4. Nf3 g6 5. Bc4 Nb6 6.
Bb3 d5 7. O-O Bg7 8. Be3 O-O 9. Nbd2 Nc6 10. h3 h6 11. c4 dxc4 12. Nxc4 Bf5 13.
Qd2 Kh7 14. Nxb6 axb6 15. Rfe1 Na5 16. Bc2 Nc4 17. Qc3 Nxe3 18. Rxe3 Bxc2 19.
Qxc2 c6 20. a3 e6 21. Rb3 b5 22. Qc5 Re8 23. Nd2 Bf8 24. Qc3 Be7 25. Ne4 Qd5
26. Qf3 Kg7 $2 27. Rd1 (27. Nf6 $1 $16) 27... Rf8 28. Rc3 Rad8 29. Qf4 f5 30.
exf6+ Bxf6 31. Nc5 $2 (31. Nxf6 Rxf6 32. Qd2) 31... b6 32. Qc7+ Kg8 33. Nb3 c5
34. Rg3 Qh5 (34... g5) 35. Rd2 (35. Rg4 Qf5 36. Qg3 Be5 37. Qh4 Bf4) 35... c4
36. Qxb6 cxb3 37. Qxe6+ Kg7 38. Rc3 Rf7 39. Rc5 Qxc5 40. dxc5 Rxd2 41. Qxb3 Bd4
42. Qxb5 Rfxf2 43. Kh1 Rd1+ 0-1

[Event "LK Elsaß-Baden"]
[Site "Haguenau"]
[Date "2002.09.15"]
[Round "32.31"]
[White "Stock, Lara"]
[Black "Marx, Lea"]
[Result "0-1"]
[WhiteElo "1772"]
[BlackElo "1950"]
[Annotator "Herbrechtsmeier"]
[PlyCount "117"]
[EventDate "2002.09.15"]
[WhiteTeam "BADEN"]
[BlackTeam "ELSASS"]
[WhiteTeamCountry "GER"]
[BlackTeamCountry "FRA"]

{Stock = F, Marx = F} 1. e4 c6 2. d4 d5 3. Nc3 dxe4 4. Nxe4 Bf5 5. Ng3 Bg6 6.
h4 h6 7. h5 Bh7 8. Nf3 Nd7 9. Bd3 Bxd3 10. Qxd3 Ngf6 11. Bd2 e6 12. O-O-O Qc7
13. Rhe1 (13. Ne4) (13. Qe2) (13. Kb1) (13. c4) 13... O-O-O 14. Qe2 Bd6 15. Ne5
Rhf8 16. Kb1 (16. f4) 16... c5 17. f4 $2 (17. Nxd7 Rxd7 18. dxc5 Bxc5 19. Be3
Rfd8 {1/2-1/2 Pancevski,F-Mitkovski,K/Skopje 1998/EXT 2000 (30)}) (17. Ne4 Nxe4
18. Qxe4 cxd4 (18... Nf6) 19. Nxd7 Rxd7 {
1/2-1/2 Idrovo,F-Milbers,P/Nice 1974/EXT 2000 (19)}) 17... cxd4 18. Qb5 Qc5 19.
Nc4 Bc7 20. Qxc5 Nxc5 21. Bb4 b6 22. Ne5 Kb7 23. Re2 Nfd7 24. Kc1 Nxe5 25. fxe5
Rd5 26. Bxc5 bxc5 27. Rde1 f6 28. Rf1 Rxe5 29. Rxe5 Bxe5 30. Ne4 Kc6 31. Nd2
Kd5 32. b3 f5 33. Kd1 Bd6 34. Rf3 e5 35. Rg3 Rf7 36. Rg6 e4 37. Nc4 Be5 38. a4
Bf6 39. Ke2 e3 40. Kd3 Re7 41. Ke2 Re4 42. Nb2 Rg4 43. Kf3 Rxg6 44. hxg6 Be7
45. Nd3 Bd6 46. Nb2 Ke6 47. Nc4 Bc7 48. Ke2 Kf6 49. Kd3 Kxg6 50. c3 f4 51. cxd4
cxd4 52. b4 Kf5 53. b5 Ke6 54. a5 Kd7 55. b6 axb6 56. a6 Kc8 57. Nb2 Kb8 58.
Kxd4 Ka7 59. Nd3 0-1

[Event "LK Elsaß-Baden"]
[Site "Haguenau"]
[Date "2002.09.15"]
[Round "14.32"]
[White "Halter, Andre"]
[Black "Wiesner, Franziska"]
[Result "0-1"]
[WhiteElo "1720"]
[BlackElo "1694"]
[Annotator "Herbrechtsmeier"]
[PlyCount "72"]
[EventDate "2002.09.15"]
[WhiteTeam "ELSASS"]
[BlackTeam "BADEN"]
[WhiteTeamCountry "FRA"]
[BlackTeamCountry "GER"]

{Halter = S, Wiesner = F} 1. e4 c5 2. f4 e6 3. Nf3 d5 4. e5 Ne7 5. d4 Nf5 6. c3
Nc6 7. Be2 cxd4 8. cxd4 Bb4+ 9. Nc3 O-O 10. g4 Nh4 11. O-O Ng6 12. Be3 Bd7 13.
Qd3 f6 14. h3 fxe5 15. fxe5 Be7 16. a3 Nh4 17. Nxh4 Bxh4 18. Rxf8+ Qxf8 19. Rf1
Qe7 20. Bf2 Bxf2+ 21. Rxf2 Rf8 22. Rxf8+ Qxf8 23. Qe3 Be8 24. Bb5 Na5 25. Bd3
a6 26. Ne2 Nc4 27. Bxc4 dxc4 28. Nf4 Bd7 29. h4 b5 30. Qe4 Qc8 31. Qe3 Qd8 32.
g5 Qf8 33. Qf2 Qf5 (33... c3 $1) 34. Ng2 Qb1+ 35. Ne1 Bc6 36. Qc2 $4 Qxe1+ 0-1